00353nam a2200121 a 4500008004100000050001500041100001900056245008100075260002600156300002000182350000900202700002000211120416s1963 ||||||||||||||||| || u aBF 173 Fre aFreud, Sigmund10aCivilization and its discontentsctranslated from the German by Joan Riviere aLondonbHogarthc1963 axiii, 94p : ill a0.00 aStrachey, James